Every Upside Down Asian Country Shape - Statistics

General Stats
  • This quiz has been taken 2,388 times
  • The average score is 35 of 48
Answer Stats
Country % Correct
Philippines
95%
Vietnam
95%
China
90%
Thailand
89%
Maldives
85%
Taiwan
85%
Japan
82%
Sri Lanka
82%
Indonesia
81%
Israel
81%
Cyprus
80%
Nepal
80%
Turkey
79%
Yemen
77%
Laos
76%
Myanmar
76%
India
75%
Tajikistan
75%
Jordan
74%
Malaysia
73%
Pakistan
73%
Afghanistan
72%
Bangladesh
72%
United Arab Emirates
72%
Kazakhstan
71%
Mongolia
71%
Saudi Arabia
70%
Uzbekistan
70%
Oman
69%
South Korea
69%
Syria
69%
Iran
68%
Iraq
68%
Qatar
68%
Brunei
67%
East Timor
67%
Georgia
65%
Kuwait
65%
Singapore
65%
Turkmenistan
65%
Azerbaijan
64%
North Korea
64%
Kyrgyzstan
63%
Armenia
62%
Bahrain
59%
Bhutan
59%
Cambodia
59%
Lebanon
57%
No matching quizzes found
Score Distribution
Percent of People with Each Score
Percentile by Number Answered
Your Score History
You have not taken this quiz